000
002420000a22001210004500
082
0
4
_a
GI CD D632bb
110
1
_a
Walt Disney
245
1
0
_a
Bambi / Walt Disney
300
_a
24 P.
650
1
4
_a
Literatura Infantil
001
308
942
_c
LGB
999
_c
47553
_d
47553